000 01795nam a22001457a 4500
999 _c525544
_d525544
008 240321b ||||| |||| 00| 0 eng d
100 _aCortes, Patricia and Pan, Jessica
_950704
245 _aChildren and the remaining gender gaps in the labor market
260 _aJournal of Economic Literature
300 _a61(4), Dec, 2023: p.1359-1409
520 _aThe past five decades have seen a remarkable convergence in the economic roles of men and women in society. Yet, persistently large gender gaps in terms of labor supply, earnings, and representation in top jobs remain. Moreover, in countries like the United States, convergence in labor market outcomes appears to have slowed in recent decades. In this article, we focus on the role of children and show that many potential explanations for the remaining gender disparities in labor market outcomes are related to the fact that children impose significantly larger penalties on the career trajectories of women relative to men. We document that, in the United States, more than two-thirds of the overall gender earnings gap can be accounted for by the differential impacts of children on women and men. We propose a simple model of household decision-making to motivate the link between children and gender gaps in the labor market, and to help rationalize how various factors potentially interact with parenthood to produce differential outcomes by gender. We discuss several forces that might make the road to gender equity even more challenging for modern cohorts of parents, and offer a critical discussion of public policies that seek to address the remaining gaps.- Reproduced https://www.aeaweb.org/articles?id=10.1257/jel.20221549
773 _aJournal of Economic Literature
906 _aLABOUR MARKET
942 _cAR